000 00806nam a2200253Ia 4500
003 OSt
005 20221005100944.0
006 a|||||r|||| 00| 0
007 ta
008 221004b |||||||| |||| 00| 0 eng d
020 _a9781472412089 (hbk)
_c6136
024 _a21347
037 _b1340, 12/03/2015, The Book Seller
_cTextual
040 _aCRL
_cCRL
_beng
041 _2eng
_aeng
082 _aV682.P1, Q4
100 _aAbebe Semahgan Gashu
_9621592
245 0 _aLast post cold war socialist federation
_b Ethnicity ideology and democracy in Ethopia
260 _aSurrey
_bAshgate England
_c2014
300 _axii,285p.
_ccm.
650 _aHISTORY
942 _hV682.P1, Q4
_cTEXL
_2cc
999 _c1005999
_d1005999